00392nam a2200133Ia 4500008004100000082001500041100002100056245002900077260001900106600001200125942000700137952009700144999001700241241002s9999 xx 000 0 und d a954.91 FEL aFeldman, Herbert 0aPakistan an Introduction aKarachi:c1968 aHistory cUC 00104070aUITUbUITUd1994-01-01l0o954.91 FELpUC51r2024-10-02 09:31:06w2024-10-02yUC c18378d18378